Meranie efektívnosti vyučovacích metód - experiment

Prezentácia experimentu, ktorého zámerom je zmerať efektívnosť aplikovanej vyučovacej metódy v kontrolných i experimentálnych podmienkach. Porovnanie efektívnosti tradičnej a aktivizujúcej vyučovacej metódy v konkrétnom vyučovacom procese. Výsledky experimentu potvrdzujú výrazný vplyv aktivizujúcej...

Ausführliche Beschreibung

Gespeichert in:
Bibliographische Detailangaben
1. Verfasser: Velichová, Ľudmila
Format: Buchkapitel
Sprache:Slowakisch
Schlagworte:
Tags: Tag hinzufügen
Keine Tags, Fügen Sie das erste Tag hinzu!

MARC

LEADER 00000naa$a2200000$$$4500
001 0041718
005 20240502071511.8
041 0 |a slo 
044 |a SK 
245 1 0 |a Meranie efektívnosti vyučovacích metód - experiment  |c Ľudmila Velichová 
520 |a Prezentácia experimentu, ktorého zámerom je zmerať efektívnosť aplikovanej vyučovacej metódy v kontrolných i experimentálnych podmienkach. Porovnanie efektívnosti tradičnej a aktivizujúcej vyučovacej metódy v konkrétnom vyučovacom procese. Výsledky experimentu potvrdzujú výrazný vplyv aktivizujúcej vyučovacej metódy na dosiahnuté výstupy. 
610 2 0 |a efektívnosť 
610 2 0 |a meranie 
610 2 0 |a experimenty 
610 2 0 |a vyučovanie 
610 2 0 |a metódy 
100 1 |a Velichová, Ľudmila